| 000 | 01698nam a22003017a 4500 | ||
|---|---|---|---|
| 001 | UTEA | ||
| 005 | 20241210162601.0 | ||
| 006 | g||||gr||||||01 nz | ||
| 007 | ta | ||
| 008 | 170702b per||||| |||| 00| 0 esp d | ||
| 020 | _a9786124532054 | ||
| 040 | _aUTEA | ||
| 041 | _aEs | ||
| 044 | _aPER | ||
| 082 |
_a370.15 _bS71 2009 |
||
| 100 |
_aSoto Pasco, Rogelio _eAutor _cComunicador Social |
||
| 245 |
_aProblemas de Aprendizaje Todo lo Que Deben Saber Padres y Maestros / Soluciones Efectivas Para Enfrentar Problemas o Discapacidades de su Hijo en Edad Escolar / _cRogelio Soto Pasco _h[Impreso] |
||
| 250 | _a1ra edición | ||
| 260 |
_aLima - Perú _bNóstica Editorial E.I.R.L. _c2009 |
||
| 300 |
_a127 páginas. _c14 x 21 cm. _bFiguras,. 01 Ejemplar Andahuaylas, 01 Ejemplar Abancay |
||
| 505 | _aIntroducción. -- Problemas de aprendizajes -- ¿Cómo entender los problemas de aprendizaje?. -- Trastornos en la articulación de las palabras. -- Problemas en el aprendizaje de la lectura y escritura. -- Problemas motrices. -- Problemas en el aprendizaje matemático. -- El papel de la conducta en el aprendizaje. -- Reconocimiento de trastorno en el aprendizaje -- Otros trastornos de los niños (Hiperactividad, síndrome de Down, autismo). -- Problemas de aprendizaje en niños de inteligencia normal | ||
| 520 | _aEste libro trata de los problemas de aprendizaje para enfrentar problemas o discapacidad delos niños. | ||
| 650 | 0 |
_aPROBLEMAS DE APRENDIZAJE _95626 |
|
| 650 | 0 |
_aRECONOCIMIENTO DE TRASTORNOS EN EL APRENDIZAJE _923408 |
|
| 650 | 0 |
_aOTROS TRASTORNOS EN LOS NIÑOS _98490 |
|
| 653 |
_aEDUCACIÓN _aAPRENDIZAJE _aDISCAPACIDAD |
||
| 942 |
_2ddc _cBK _e2024-02-06 |
||
| 999 |
_c1889 _d1889 |
||